Central Library and Information Centre
Sibsagar Girls' College, Sivasagar : Assam

GUINNESS WORLD RECORD 2008 (Record no. 13300)

MARC details
000 -LEADER
fixed length control field 00387cam a2200157ua 4500
008 - FIXED-LENGTH DATA ELEMENTS--GENERAL INFORMATION
fixed length control field 141203n II |||gr||||Z||||||eng
040 ## - CATALOGING SOURCE
Original cataloging agency MAIN
041 ## - LANGUAGE CODE
-- English
082 ## - DEWEY DECIMAL CLASSIFICATION NUMBER
Classification number 082 GLA
100 ## - MAIN ENTRY--PERSONAL NAME
Personal name GLANDEY , GRIG .
245 ## - TITLE STATEMENT
Title GUINNESS WORLD RECORD 2008
260 ## - PUBLICATION, DISTRIBUTION, ETC.
Place of publication, distribution, etc. LONDON:
Name of publisher, distributor, etc. GUINNESS WORLD RECORD LTD,
Date of publication, distribution, etc. 2008.
942 ## - ADDED ENTRY ELEMENTS (KOHA)
Koha item type Books
653 ## - INDEX TERM--UNCONTROLLED
Uncontrolled term Collections in English
Holdings
Withdrawn status Lost status Damaged status Not for loan Collection code Home library Current library Shelving location Date acquired Full call number Barcode Date last seen Copy number Price effective from Koha item type
        General Reference Central Library and Information Centre Sibsagar Girls College Central Library and Information Centre Sibsagar Girls College Competitive Exam Book 08.04.2007 082 GLA 22333 27.02.2020 1 27.02.2020 Books


Sibsagar Girl's College © 2020. All rights reserved.
Powered by Koha.
Maintained by Abhijit Borpuzari.